000 01091cam a22003617a 4500
003 CHAP
005 20220817043927.0
008 040219d2003 it rn 00110 fre d
010 _a88069
011 _a89041
020 _a9252048464
035 _a99590
040 _cCHAP
082 0 4 _a333
_bF42f v.3
110 2 _aFAO
245 1 3 _aLe régime foncier et le développement rural
_c/par FAO
260 _aRome :
_bFAO,
_c2003.
300 _a58 p.
410 _aFAO
490 0 _aFAO. Estudios sobre tenencia de la tierra
_v; 3
590 _aBATCH-UPD
_b10
_c20130110
_lUCH01
_h0957
590 _aBATCH-UPD
_b10
_c20130410
_lUCH01
_h0609
590 _aBATCH-UPD
_b10
_c20130914
_lUCH01
_h1156
590 _aCONVERSION
_b10
_c20130109
_lUCH01
_h1349
650 1 4 _aDesarrollo rural.
_932067
650 1 4 _aRecursos naturales
_xAdministración.
_995175
810 0 _aFAO
830 0 0 _aFAO. Estudios sobre tenencia de la tierra
_v; 3
_939557
901 _aBK
905 _aAlejandra Carrasco M.
942 _cLIBRO
949 _a333 F42 v.3
_bBC
_cFAO
_d33724000915112
_eFAO1
_h104441
_i99590
_sb
999 _c88069
_d88069